| 000 | 00000nam##2200000za#4500 |
| 001 | 9.625495 |
| 003 | CaOODSP |
| 005 | 20241210082332 |
| 007 | ta |
| 008 | 150406|2000||||xxc||||| f|0| 0 fre|d |
| 020 | |a0-662-85327-X |
| 022 | |a1192-5434 |
| 040 | |aCaOODSP|bfre |
| 043 | |an-cn--- |
| 086 | 1 |aFB3-2/100-21F |
| 110 | 2 |aBanque du Canada. |
| 245 | 10|aLes effets réels du cours des actions sur la consommation / |cpar Lise Pichette. |
| 260 | |aOttawa - Ontario : |bBanque du Canada |c2000. |
| 300 | |av, 40p. : |bgraphiques, tableaux ; |c28 cm. |
| 490 | 1 |aDocument de travail|x1192-5434|v2000-21 |
| 500 | |a«L'objectif de la présente étude est d'examiner la relation entre la valeur des actions et la consommation globale. L'approche utilisée pour estimer cette relation est un modèle à correction d'erreurs, et l'échantillon porte sur des données canadiennes allant du premier trimestre de 1965 au quatrième trimestre de 1998.»--Résumé. |
| 504 | |aBibliographie. |
| 520 | 3 |aL'objectif de la présente étude est d'examiner la relation entre la valeur des actions et la consommation globale. L'approche utilisée pour estimer cette relation est un modèle à correction d'erreurs, et l'échantillon porte sur des données canadiennes allant du premier trimestre de 1965 au quatrième trimestre de 1998.--Résumé |
| 546 | |aAbstracts in English |
| 563 | |aCouverture souple |
| 590 | |a00-47|b2000-11-24 |
| 691 | 07|aMarché des valeurs|2gcpds |
| 691 | 07|aConsommation|2gcpds |
| 691 | 07|aConditions économiques|2gcpds |
| 720 | 1 |aPichette, Lise |
| 776 | 0#|tLes effets réels du cours des actions sur la consommation / |w(CaOODSP)9.603801 |
| 830 | #0|aDocument de travail,|x1192-5434|v2000-21|w(CaOODSP)9.513013 |